Drucker esencial (Registro nro. 96)

Detalles MARC
000 -LEADER
fixed length control field 00876 a2200217 4500
001 - CONTROL NUMBER
control field 125
005 - DATE AND TIME OF LATEST TRANSACTION
control field 20260407155413.0
008 - FIXED-LENGTH DATA ELEMENTS--GENERAL INFORMATION
fixed length control field 260407a1999 arg spa d
003 - CONTROL NUMBER IDENTIFIER
control field AR-UNSa-BCEJYS
040 ## - CATALOGING SOURCE
Original cataloging agency AR-UNSa-BCEJYS
Language of cataloging spa
Transcribing agency AR-UNSa-BCEJYS
080 ## - UNIVERSAL DECIMAL CLASSIFICATION NUMBER
Universal Decimal Classification number 658.012.4
Common auxiliary subdivision Gestión. Dirección. Autoridad. Técnicas y métodos de gestión (gestión del conocimiento, Outsourcing, Benchmarking...)
020 ## - INTERNATIONAL STANDARD BOOK NUMBER
International Standard Book Number 978-987-9169-36-0
100 1# - MAIN ENTRY--PERSONAL NAME
Personal name Mercado
245 10 - TITLE STATEMENT
Title Drucker esencial
264 #1 - PRODUCTION, PUBLICATION, DISTRIBUTION, MANUFACTURE, AND COPYRIGHT NOTICE
Place of production, publication, distribution, manufacture Buenos Aires :
Name of producer, publisher, distributor, manufacturer Coyuntura
Date of production, publication, distribution, manufacture, or copyright notice 1999
300 ## - PHYSICAL DESCRIPTION
Extent 78 p.
Dimensions 22 cm
505 ## - FORMATTED CONTENTS NOTE
Formatted contents note 1. La proxima revolución de la información - 2. Hacia la nueva organización - 3. Los nuevos paradigmas del Management - 4. Lectura recomendadas
590 ## - LOCAL NOTE (RLIN)
Local note niveau_biblio:m niveau_hierar:0
856 41 - ELECTRONIC LOCATION AND ACCESS
Uniform Resource Identifier <a href="https://170.210.207.44/pmb/images/libros/L116203.jpg">https://170.210.207.44/pmb/images/libros/L116203.jpg</a>
Link text Imagen de portada
Electronic format type image/jpeg
942 ## - ADDED ENTRY ELEMENTS (KOHA)
Koha item type
Existencias
Withdrawn status Lost status Damaged status Not for loan Home library Current library Shelving location Date acquired Total checkouts Full call number Barcode Date last seen Price effective from Koha item type
        Biblioteca Prof. Eusebio Cleto del Rey Biblioteca Prof. Eusebio Cleto del Rey   07/04/2026   658.012.4 M553 L116203 07/04/2026 07/04/2026 Libro